[Event "4NCL Division Three West"]
[Site "Daventry, ENG"]
[Date "2023.03.18"]
[Round "7.11"]
[White "Baker, Chris W"]
[Black "Coates, David H"]
[Result "1-0"]
[WhiteElo "2235"]
[BlackElo "2013"]
[PlyCount "79"]
[EventDate "2023.03.18"]
[WhiteTeam "Warwickshire Select 1"]
[BlackTeam "Ashfield 1"]

1. e4 c5 2. Nf3 Nc6 3. g3 e5 4. Nc3 g6 5. Bg2 Bg7 6. O-O Nge7 7. d3 O-O 8. Rb1
d6 9. a3 a5 10. Bd2 Rb8 11. Qc1 f5 12. Bg5 Be6 13. Nd5 Kh8 14. b4 axb4 15. Nxe7
Nxe7 16. axb4 cxb4 17. Rxb4 Qd7 18. Bxe7 Qxe7 19. Rb6 Bg8 20. Nd2 Rfd8 21. Qa3
Qc7 22. Rb4 d5 23. exd5 Bxd5 24. Bxd5 Rxd5 25. Rfb1 Rd7 26. Qb3 Qd8 27. Nf3 Rc8
28. Qe6 Re7 29. Qb3 Rec7 30. Rxb7 Rxb7 31. Qxb7 Bf6 32. Qf7 Rc7 33. Qe6 Qe7 34.
Rb8+ Kg7 35. Qg8+ Kh6 36. Re8 Qc5 37. Kg2 Bg7 38. h4 Qc6 39. Re6 Qb7 40. Qd8
1-0

[Event "4NCL Division Three West"]
[Site "Daventry, ENG"]
[Date "2023.03.18"]
[Round "7.12"]
[White "Mossong, Hubert"]
[Black "Pitcher, John"]
[Result "0-1"]
[WhiteElo "2052"]
[BlackElo "2209"]
[PlyCount "48"]
[EventDate "2023.03.18"]
[WhiteTeam "Ashfield 1"]
[BlackTeam "Warwickshire Select 1"]

1. e4 c5 2. Nc3 Nc6 3. Bb5 Na5 4. Nf3 a6 5. Be2 b5 6. d4 cxd4 7. Nxd4 Bb7 8. f3
e6 9. Be3 Nf6 10. O-O Be7 11. a3 Rc8 12. g4 h6 13. Qd2 Qc7 14. Rfd1 Nc4 15.
Bxc4 Qxc4 16. Nde2 d6 17. Ng3 d5 18. g5 hxg5 19. Bxg5 Qc5+ 20. Be3 Qc7 21. e5
Nh5 22. f4 Nxg3 23. hxg3 d4 24. Qxd4 Qc6 0-1

[Event "4NCL Division Three West"]
[Site "Daventry, ENG"]
[Date "2023.03.18"]
[Round "7.13"]
[White "Valdepenas Octavio, Javier"]
[Black "Mercs, Peter J"]
[Result "1-0"]
[WhiteElo "2210"]
[BlackElo "2035"]
[PlyCount "67"]
[EventDate "2023.03.18"]
[WhiteTeam "Warwickshire Select 1"]
[BlackTeam "Ashfield 1"]

1. e4 c5 2. Nf3 d6 3. d4 cxd4 4. Nxd4 Nf6 5. Nc3 e6 6. g4 h6 7. Rg1 Nc6 8. Be3
a6 9. Be2 Bd7 10. h4 Nxd4 11. Qxd4 h5 12. gxh5 Nxh5 13. O-O-O Qc7 14. f4 Bc6
15. Rg5 Nf6 16. h5 O-O-O 17. Bf3 Nd7 18. Qc4 Nc5 19. a3 Be7 20. Rxg7 Bf6 21.
Rgg1 b5 22. Qe2 Bxc3 23. bxc3 Na4 24. Rd3 d5 25. e5 Qe7 26. Kd2 Qxa3 27. Bd4
Nb2 28. Ke3 Qe7 29. Rg5 Nc4+ 30. Kf2 Rdg8 31. Qf1 Rxg5 32. fxg5 Qxg5 33. Qg2
Qe7 34. Qg7 1-0

[Event "4NCL Division Three West"]
[Site "Daventry, ENG"]
[Date "2023.03.18"]
[Round "7.14"]
[White "Truman, Richard G"]
[Black "Brooks, Phil J"]
[Result "0-1"]
[WhiteElo "2005"]
[BlackElo "2133"]
[PlyCount "60"]
[EventDate "2023.03.18"]
[WhiteTeam "Ashfield 1"]
[BlackTeam "Warwickshire Select 1"]

1. d4 e6 2. g3 d5 3. Nf3 Nd7 4. Bg2 b5 5. a4 b4 6. O-O Ngf6 7. Nbd2 Be7 8. c4
bxc3 9. bxc3 O-O 10. Qc2 Ba6 11. Re1 c5 12. Ba3 Rc8 13. Qb3 cxd4 14. cxd4 Bxa3
15. Qxa3 Rc2 16. Qd6 Qb6 17. Qxb6 Nxb6 18. e4 dxe4 19. Nxe4 Nxe4 20. Rxe4 Rfc8
21. a5 Nd5 22. Bf1 Bxf1 23. Kxf1 Kf8 24. Ne5 Nc3 25. Ree1 Nb5 26. Red1 Rd8 27.
Nf3 Ke8 28. a6 Rc4 29. Ke2 Rc6 30. Ra5 Nc3+ 0-1

[Event "4NCL Division Three West"]
[Site "Daventry, ENG"]
[Date "2023.03.18"]
[Round "7.15"]
[White "Fallowfield, Jeremy R"]
[Black "Naylor-Eade, Michael A"]
[Result "1-0"]
[WhiteElo "2118"]
[BlackElo "1970"]
[PlyCount "89"]
[EventDate "2023.03.18"]
[WhiteTeam "Warwickshire Select 1"]
[BlackTeam "Ashfield 1"]

1. e4 e5 2. Nf3 Nc6 3. Bb5 a6 4. Ba4 Nf6 5. O-O Be7 6. Re1 b5 7. Bb3 d6 8. c3
O-O 9. h3 Na5 10. Bc2 c5 11. d4 Qc7 12. d5 Ne8 13. b3 g6 14. a4 bxa4 15. Rxa4
Bd7 16. Ra2 c4 17. b4 Nb7 18. Ba4 Ng7 19. Bxd7 Qxd7 20. Na3 a5 21. Nxc4 Qc7 22.
Nxa5 Nxa5 23. Rxa5 Rxa5 24. bxa5 Qxa5 25. Qb3 Rc8 26. c4 f5 27. Ba3 Bf8 28. Bb4
Qa6 29. Nd2 Nh5 30. exf5 gxf5 31. Qf3 Nf4 32. g3 Nxh3+ 33. Kg2 Nxf2 34. Qxf2
Qa4 35. Qxf5 Qxb4 36. Qg4+ Kh8 37. Qxc8 Qxd2+ 38. Kf1 Qh6 39. Kg1 Qg7 40. Kg2
h6 41. Rf1 Kg8 42. Qe6+ Kh8 43. Rf7 Qg8 44. Qf5 Bg7 45. Rc7 1-0

[Event "4NCL Division Three West"]
[Site "Daventry, ENG"]
[Date "2023.03.18"]
[Round "7.16"]
[White "Burke, Steven J"]
[Black "Page, Mark E"]
[Result "1/2-1/2"]
[WhiteElo "1954"]
[BlackElo "2048"]
[PlyCount "88"]
[EventDate "2023.03.18"]
[WhiteTeam "Ashfield 1"]
[BlackTeam "Warwickshire Select 1"]

1. e4 c5 2. d4 cxd4 3. c3 dxc3 4. Nxc3 Nc6 5. Nf3 e6 6. Bc4 a6 7. O-O b5 8. Bb3
Bb7 9. Bf4 Nge7 10. Qe2 Ng6 11. Bg3 Be7 12. Rfd1 Na5 13. Bc2 O-O 14. e5 Rc8 15.
Be4 Qc7 16. Bxb7 Qxb7 17. Ne4 Nc4 18. b3 Nb6 19. h4 Nd5 20. a3 Rc7 21. b4 Rfc8
22. Ra2 Rc1 23. Rxc1 Rxc1+ 24. Kh2 Rc4 25. Nfd2 Nc3 26. Nxc3 Rxc3 27. h5 Nf8
28. Ne4 Rc4 29. f3 f5 30. exf6 gxf6 31. Rd2 d5 32. Nd6 Bxd6 33. Bxd6 Qf7 34. f4
Rc6 35. Bxf8 Kxf8 36. Rd3 Rc4 37. g3 Re4 38. Qf3 f5 39. Kg2 Qc7 40. Rc3 Rc4 41.
Rxc4 Qxc4 42. Kh2 Kg7 43. Qe3 Qe4 44. Qa7+ Kf6 1/2-1/2

[Event "4NCL Division Three West"]
[Site "Daventry, ENG"]
[Date "2023.03.18"]
[Round "7.21"]
[White "Finn, Peter"]
[Black "Hamer, Martyn"]
[Result "0-1"]
[WhiteElo "2245"]
[BlackElo "2043"]
[PlyCount "60"]
[EventDate "2023.03.18"]
[WhiteTeam "CSC/Kingston 1"]
[BlackTeam "Manchester Manticores"]

1. d4 Nc6 2. d5 Ne5 3. e4 e6 4. f4 Ng6 5. c4 Bc5 6. Nc3 exd5 7. cxd5 d6 8. Na4
Bb4+ 9. Bd2 Bxd2+ 10. Qxd2 Nf6 11. Nc3 O-O 12. Bd3 c6 13. dxc6 bxc6 14. Nf3 Rb8
15. f5 Ne5 16. Nxe5 dxe5 17. O-O-O Qa5 18. g4 Rd8 19. Qe2 Rd4 20. g5 Ne8 21. g6
hxg6 22. fxg6 Be6 23. gxf7+ Bxf7 24. a3 Nf6 25. Rdg1 Nh5 26. Bb1 Nf4 27. Qg4 g6
28. h4 Rxb2 29. Qc8+ Kh7 30. Qxc6 Qxa3 0-1

[Event "4NCL Division Three West"]
[Site "Daventry, ENG"]
[Date "2023.03.18"]
[Round "7.22"]
[White "Webster, Richard J"]
[Black "Farrand, Tom"]
[Result "0-1"]
[WhiteElo "1923"]
[BlackElo "2139"]
[PlyCount "118"]
[EventDate "2023.03.18"]
[WhiteTeam "Manchester Manticores"]
[BlackTeam "CSC/Kingston 1"]

1. d4 e6 2. c4 f5 3. g3 Nf6 4. Bg2 Be7 5. Nc3 O-O 6. Nf3 d6 7. O-O Ne4 8. Qc2
Nxc3 9. Qxc3 a5 10. Be3 Nd7 11. Nd2 Bf6 12. Qc2 e5 13. Qxf5 Nc5 14. Qh5 g6 15.
Qf3 Bg7 16. Qxf8+ Bxf8 17. dxc5 c6 18. cxd6 Bxd6 19. Rfd1 Qf8 20. Ne4 Be7 21.
Rd3 Be6 22. b3 a4 23. Rad1 axb3 24. axb3 Bg4 25. Bf1 Bf5 26. Bg2 Bg4 27. Bf1
Bf5 28. Bg2 Ra2 29. Bc5 Bxc5 30. Rd8 Bxe4 31. Rxf8+ Kxf8 32. Bxe4 Rxe2 33. Bd3
Rb2 34. Rb1 Rd2 35. Be4 Bxf2+ 36. Kf1 Bd4 37. h3 Ke7 38. b4 Rf2+ 39. Ke1 Rh2
40. Kf1 Rf2+ 41. Ke1 Rh2 42. Kf1 Rxh3 43. Kg2 Rh6 44. b5 cxb5 45. Rxb5 b6 46.
Rb3 Kd6 47. Rb5 Rh5 48. Rb1 Kc5 49. Bd3 Rg5 50. Rf1 h5 51. Kh3 Rg4 52. Rf8 e4
53. Be2 Rg5 54. Rc8+ Kb4 55. g4 hxg4+ 56. Bxg4 e3 57. Rc6 Kc3 58. Kg3 e2 59.
Re6 Rxg4+ 0-1

[Event "4NCL Division Three West"]
[Site "Daventry, ENG"]
[Date "2023.03.18"]
[Round "7.23"]
[White "Frostick, Clive A"]
[Black "Newton, Robert A"]
[Result "1-0"]
[WhiteElo "2126"]
[BlackElo "1935"]
[PlyCount "61"]
[EventDate "2023.03.18"]
[WhiteTeam "CSC/Kingston 1"]
[BlackTeam "Manchester Manticores"]

1. e4 g6 2. d4 Bg7 3. Nc3 d6 4. Be3 Nd7 5. Nf3 a6 6. Bc4 h6 7. a4 b6 8. h3 e6
9. O-O Ne7 10. Qd2 Bb7 11. Nh2 Nf6 12. Bd3 d5 13. f3 c5 14. Qe2 Nd7 15. exd5
exd5 16. b3 Rc8 17. Qf2 a5 18. Rad1 cxd4 19. Bxd4 Nf6 20. Bxb6 Qd6 21. Ng4 Nxg4
22. fxg4 O-O 23. Bd4 Nc6 24. Bxg7 Kxg7 25. Ne4 Qb4 26. Bb5 Kh7 27. Kh1 Qc5 28.
Rd2 Qe7 29. Qf6 Qxe4 30. Re2 Qxe2 31. Bxe2 1-0

[Event "4NCL Division Three West"]
[Site "Daventry, ENG"]
[Date "2023.03.18"]
[Round "7.24"]
[White "Potter, Steven"]
[Black "Scrimgour, Alan"]
[Result "1/2-1/2"]
[WhiteElo "1880"]
[BlackElo "2025"]
[PlyCount "57"]
[EventDate "2023.03.18"]
[WhiteTeam "Manchester Manticores"]
[BlackTeam "CSC/Kingston 1"]

1. d4 Nf6 2. Bg5 e6 3. e3 c5 4. c3 Qb6 5. Qc1 d5 6. Bxf6 gxf6 7. dxc5 Bxc5 8.
Nf3 Nc6 9. Be2 Rg8 10. O-O e5 11. b4 Be7 12. a3 Bh3 13. Ne1 Rc8 14. Kh1 Be6 15.
Qd1 f5 16. Nd2 Bf6 17. Rc1 Qd8 18. Nef3 e4 19. Nd4 Ne5 20. Nxe6 fxe6 21. Qa4+
Ke7 22. Qxa7 Qc7 23. Nb3 b6 24. Qxc7+ Rxc7 25. Nd4 Nc4 26. Nb5 Rc6 27. Na7 Rc7
28. Nb5 Rc6 29. Na7 1/2-1/2

[Event "4NCL Division Three West"]
[Site "Daventry, ENG"]
[Date "2023.03.18"]
[Round "7.25"]
[White "Rice, Chris B"]
[Black "Pardoe, David"]
[Result "1-0"]
[WhiteElo "1952"]
[BlackElo "1773"]
[PlyCount "80"]
[EventDate "2023.03.18"]
[WhiteTeam "CSC/Kingston 1"]
[BlackTeam "Manchester Manticores"]

1. d4 Nf6 2. Nf3 e6 3. e3 c5 4. Bd3 d5 5. b3 cxd4 6. exd4 Nc6 7. Bb2 Be7 8.
Nbd2 Qc7 9. a3 Bd7 10. O-O a6 11. c4 Rc8 12. Rc1 Qf4 13. Qe2 h5 14. Rfe1 h4 15.
Qe3 Bd6 16. Ne5 Bxe5 17. dxe5 Qxe3 18. fxe3 Ng4 19. cxd5 Ncxe5 20. Be4 exd5 21.
Bxe5 Nxe5 22. Rxc8+ Bxc8 23. Bxd5 h3 24. Rc1 Kd7 25. Nf3 Kd6 26. Rd1 Nxf3+ 27.
gxf3 Ke7 28. b4 Rh5 29. Kf2 Rg5 30. f4 Rg6 31. Be4 Rf6 32. Rd5 g6 33. Re5+ Kd7
34. Rd5+ Ke6 35. Rc5 Kd7 36. Bf3 Rd6 37. Rd5 Rxd5 38. Bxd5 Ke7 39. Kg3 f6 40.
Bf3 Kd6 1-0

[Event "4NCL Division Three West"]
[Site "Daventry, ENG"]
[Date "2023.03.18"]
[Round "7.26"]
[White "Wilson, Jeff"]
[Black "Amato, Giampiero"]
[Result "0-1"]
[WhiteElo "1451"]
[BlackElo "1952"]
[PlyCount "75"]
[EventDate "2023.03.18"]
[WhiteTeam "Manchester Manticores"]
[BlackTeam "CSC/Kingston 1"]

1. e4 e5 2. Nf3 Nf6 3. Nxe5 d6 4. Nf3 Nxe4 5. Bc4 d5 6. Bb3 Be7 7. c3 O-O 8. h3
Nc6 9. d4 Re8 10. O-O Bf5 11. Nbd2 Bf6 12. Re1 h6 13. Nxe4 dxe4 14. Nd2 Re7 15.
Nf1 Bg6 16. Qg4 Kh8 17. Ng3 Qc8 18. Qxc8+ Rxc8 19. Re2 Rce8 20. Bf4 Bg5 21.
Bxg5 hxg5 22. Rae1 f5 23. Bd5 Nd8 24. f3 c6 25. Bb3 Ne6 26. Bxe6 Rxe6 27. fxe4
f4 28. Nf1 Bxe4 29. Nd2 Bd5 30. Rxe6 Rxe6 31. Rxe6 Bxe6 32. a3 Kh7 33. Ne4 Bc8
34. Kf2 b6 35. Nd6 Be6 36. Ne4 Bf7 37. b4 b5 38. Nc5 0-1

[Event "4NCL Division Three West"]
[Site "Daventry, ENG"]
[Date "2023.03.18"]
[Round "7.31"]
[White "Wills, Tom"]
[Black "Southcott-Moyers, Indy"]
[Result "1/2-1/2"]
[WhiteElo "2099"]
[BlackElo "2094"]
[PlyCount "59"]
[EventDate "2023.03.18"]
[WhiteTeam "Chessable White Rose 3"]
[BlackTeam "West is Best 2"]

1. e4 e5 2. Nf3 Nc6 3. Bc4 Bc5 4. Nc3 Nf6 5. d3 d6 6. Na4 Bb6 7. Nxb6 axb6 8.
a3 O-O 9. O-O Be6 10. Bxe6 fxe6 11. c4 d5 12. Bg5 dxe4 13. dxe4 Qxd1 14. Raxd1
Nxe4 15. Rfe1 Rxf3 16. Rxe4 Rb3 17. Bc1 Rf8 18. f3 b5 19. cxb5 Rxb5 20. b4 Rd5
21. Ree1 Ra8 22. Bb2 Kf7 23. Kf2 Ke7 24. Kg3 Re8 25. Rxd5 exd5 26. Re2 Kd7 27.
Re3 d4 28. Re4 h6 29. Rg4 Rg8 30. Bc1 1/2-1/2

[Event "4NCL Division Three West"]
[Site "Daventry, ENG"]
[Date "2023.03.18"]
[Round "7.32"]
[White "Saunders, Aron"]
[Black "Edwards-Wright, Miles D"]
[Result "1-0"]
[WhiteElo "2101"]
[BlackElo "2051"]
[PlyCount "64"]
[EventDate "2023.03.18"]
[WhiteTeam "West is Best 2"]
[BlackTeam "Chessable White Rose 3"]

1. e4 g6 2. d4 Bg7 3. Nc3 d6 4. Be3 a6 5. Qd2 b5 6. O-O-O Nd7 7. h4 h5 8. Nh3
Nb6 9. Ng5 Nf6 10. f3 b4 11. Ne2 a5 12. Nf4 e6 13. Bb5+ Bd7 14. Nfxe6 fxe6 15.
Nxe6 Qc8 16. Nxg7+ Kf7 17. Bxd7 Nbxd7 18. Bh6 Qg8 19. e5 Rxh6 20. Qxh6 Qxg7 21.
Qxg7+ Kxg7 22. exf6+ Nxf6 23. Rhe1 Kf7 24. Kd2 Nd5 25. c4 Nf4 26. g3 Ne6 27. d5
Nd4 28. Kd3 Nf5 29. Re6 Ng7 30. Re4 Rc8 31. Rf4+ Kg8 32. g4 c5 1-0

[Event "4NCL Division Three West"]
[Site "Daventry, ENG"]
[Date "2023.03.18"]
[Round "7.33"]
[White "Jeje, Ayodeji"]
[Black "Bullen, Alex"]
[Result "0-1"]
[WhiteElo "2082"]
[BlackElo "2148"]
[PlyCount "126"]
[EventDate "2023.03.18"]
[WhiteTeam "Chessable White Rose 3"]
[BlackTeam "West is Best 2"]

1. e4 c6 2. d4 d5 3. Nc3 dxe4 4. Nxe4 Bf5 5. Ng3 Bg6 6. N1e2 Nf6 7. Nf4 Nbd7 8.
h4 e5 9. dxe5 Qa5+ 10. c3 Qxe5+ 11. Be2 Bc5 12. h5 Be4 13. Kf1 O-O-O 14. Nd3
Qd5 15. Nxe4 Nxe4 16. Nxc5 Qxc5 17. Be3 Qe7 18. Rh3 Nb6 19. Qc2 Rhe8 20. Re1
Nd5 21. Qa4 Nxe3+ 22. Rxe3 Qh4 23. Bg4+ Qxg4 24. Rxe4 Rxe4 25. Qxe4 Qxh5 26.
Kg1 h6 27. Qe3 a6 28. Qa7 Rd1 29. Qa8+ Kc7 30. Qe8 Rxe1+ 31. Qxe1 Qg5 32. b3 g6
33. c4 h5 34. Qe4 h4 35. Kh2 c5 36. Kh3 b5 37. Qxh4 Qe5 38. Qg4 g5 39. g3 f6
40. Kg2 Kb6 41. a4 bxa4 42. bxa4 Ka5 43. Qf3 Kxa4 44. Qc6+ Ka5 45. Kg1 f5 46.
Qg6 g4 47. Kh2 Qe4 48. Qf7 Kb4 49. Qd7 Kc3 50. Qf7 Qxc4 51. Qxf5 a5 52. Qe5+
Kb3 53. Qa1 Qc3 54. Qd1+ Ka3 55. Qxg4 c4 56. Qg5 a4 57. Kg2 Ka2 58. Kf1 a3 59.
Kg2 Ka1 60. Qb5 a2 61. g4 Qb3 62. Qe5+ c3 63. g5 Kb2 0-1

[Event "4NCL Division Three West"]
[Site "Daventry, ENG"]
[Date "2023.03.18"]
[Round "7.34"]
[White "Rathbone-Jones, Ifan"]
[Black "Slinger, Tony J"]
[Result "1/2-1/2"]
[WhiteElo "2050"]
[BlackElo "1924"]
[PlyCount "93"]
[EventDate "2023.03.18"]
[WhiteTeam "West is Best 2"]
[BlackTeam "Chessable White Rose 3"]

1. d4 Nf6 2. g3 d5 3. Nf3 g6 4. Bg2 Bg7 5. c4 c6 6. O-O O-O 7. Nc3 Nbd7 8. Bf4
dxc4 9. Qc2 Nd5 10. Bd2 e5 11. dxe5 Nxe5 12. Nxe5 Bxe5 13. Bh6 Bg7 14. Bxg7
Kxg7 15. Rad1 Qe7 16. Bxd5 cxd5 17. Nxd5 Qc5 18. Qc3+ f6 19. Rd4 b5 20. Rfd1
Be6 21. Nf4 Rae8 22. Qe3 Bf7 23. Qf3 Re7 24. Rd7 Rfe8 25. Qb7 Kf8 26. Rxe7 Rxe7
27. Rd8+ Re8 28. Rd7 Re7 29. Rxe7 Qxe7 30. Qxb5 Kg7 31. Qc6 g5 32. Nd5 Bxd5 33.
Qxd5 Qxe2 34. Qd4 a6 35. h3 h5 36. Qa7+ Kg6 37. Qxa6 h4 38. Qb7 hxg3 39. fxg3
Qc2 40. Qf3 Qb1+ 41. Qf1 Qxa2 42. Qc1 Qb3 43. Kf2 Qb6+ 44. Kg2 Qc6+ 45. Kf2 Qe6
46. Qc2+ Kg7 47. Kg2 1/2-1/2

[Event "4NCL Division Three West"]
[Site "Daventry, ENG"]
[Date "2023.03.18"]
[Round "7.35"]
[White "Key, Tom"]
[Black "Freeland, Alex"]
[Result "0-1"]
[WhiteElo "1595"]
[BlackElo "2086"]
[PlyCount "50"]
[EventDate "2023.03.18"]
[WhiteTeam "Chessable White Rose 3"]
[BlackTeam "West is Best 2"]

1. Nf3 d5 2. c4 d4 3. b4 c5 4. Qa4+ Bd7 5. b5 Qc7 6. d3 e5 7. e3 Nf6 8. exd4
exd4 9. g3 Bd6 10. Bg2 O-O 11. O-O Bf5 12. Qb3 Nbd7 13. Nh4 Bg4 14. h3 Be2 15.
Re1 Rfe8 16. Qc2 Bh5 17. Rxe8+ Rxe8 18. Bd2 Re2 19. g4 Bxg4 20. hxg4 Nxg4 21.
Nf3 Bh2+ 22. Kf1 Rxf2+ 23. Ke1 Qg3 24. Nh4 Rf1+ 25. Ke2 Qf2# 0-1

[Event "4NCL Division Three West"]
[Site "Daventry, ENG"]
[Date "2023.03.18"]
[Round "7.36"]
[White "Taylor, William J"]
[Black "Gillett, John"]
[Result "1-0"]
[WhiteElo "2070"]
[BlackElo "1600"]
[PlyCount "51"]
[EventDate "2023.03.18"]
[WhiteTeam "West is Best 2"]
[BlackTeam "Chessable White Rose 3"]

1. e4 e6 2. d4 d5 3. Nd2 Nf6 4. e5 Nfd7 5. Bd3 c5 6. c3 Nc6 7. Ne2 cxd4 8. cxd4
f6 9. exf6 Nxf6 10. O-O Bd6 11. Nf3 Qc7 12. Bd2 O-O 13. Rc1 Bd7 14. Re1 Nh5 15.
Ne5 Bxe5 16. dxe5 g6 17. Ng3 Nxg3 18. hxg3 Qb6 19. Bf4 Qxb2 20. Rb1 Qxa2 21.
Rxb7 Bc8 22. Rxh7 Rxf4 23. gxf4 Kxh7 24. Qh5+ Kg7 25. Bxg6 Nxe5 26. fxe5 1-0

[Event "4NCL Division Three West"]
[Site "Daventry, ENG"]
[Date "2023.03.18"]
[Round "7.41"]
[White "Wilson, Edgar"]
[Black "Shearsby, Jude"]
[Result "0-1"]
[WhiteElo "2018"]
[BlackElo "2173"]
[PlyCount "124"]
[EventDate "2023.03.18"]
[WhiteTeam "Oxford 2"]
[BlackTeam "Warwickshire Select 2"]

1. e4 c5 2. Nf3 d6 3. d4 cxd4 4. Nxd4 Nf6 5. Nc3 a6 6. Be2 e5 7. Nb3 Be7 8. O-O
O-O 9. Be3 Be6 10. Qd2 Nbd7 11. a4 Nb6 12. Rfd1 Nc4 13. Bxc4 Bxc4 14. f3 Rc8
15. a5 Qd7 16. Nc5 Qc6 17. N5a4 Nd7 18. Nb6 Nxb6 19. Bxb6 Be6 20. Rac1 f5 21.
Be3 fxe4 22. fxe4 Rf7 23. Nd5 Bxd5 24. Qxd5 Qxd5 25. exd5 Bd8 26. Bd2 Rc4 27.
b3 Re4 28. c4 Re2 29. Bb4 Rff2 30. Bxd6 Rxg2+ 31. Kh1 Rxh2+ 32. Kg1 Rhg2+ 33.
Kh1 Rg6 34. Bc5 Bxa5 35. d6 b6 36. b4 bxc5 37. bxa5 Re4 38. Rc2 Rh4+ 39. Rh2
Rd4 40. Re1 Rdxd6 41. Rh5 Rh6 42. Rxh6 Rxh6+ 43. Kg2 Re6 44. Kf3 Kf7 45. Ke4
Rd6 46. Rb1 Ke6 47. Ke3 h5 48. Rb7 g5 49. Rc7 h4 50. Rxc5 h3 51. Rc8 g4 52. Rh8
Kf5 53. Rf8+ Rf6 54. Rh8 Rc6 55. Kd3 Kf4 56. Rh5 Kg3 57. Rxe5 h2 58. Re1 Kg2
59. Re2+ Kh3 60. Re1 g3 61. Kd4 Kg2 62. Kd5 Rg6 0-1

[Event "4NCL Division Three West"]
[Site "Daventry, ENG"]
[Date "2023.03.18"]
[Round "7.42"]
[White "Sandhu, Manvith"]
[Black "Phan, Stefanus Kf"]
[Result "1/2-1/2"]
[WhiteElo "2037"]
[BlackElo "2004"]
[PlyCount "47"]
[EventDate "2023.03.18"]
[WhiteTeam "Warwickshire Select 2"]
[BlackTeam "Oxford 2"]

1. e4 c6 2. d4 d5 3. e5 Bf5 4. Nf3 e6 5. Be2 c5 6. Be3 cxd4 7. Nxd4 Ne7 8. O-O
Nbc6 9. Bb5 Qc7 10. c4 dxc4 11. Na3 Bd3 12. Bxc4 Bxc4 13. Nxc4 Nd5 14. Nb5 Qd7
15. Nbd6+ Bxd6 16. Nxd6+ Kf8 17. Bc5 Kg8 18. f4 h5 19. Qf3 b6 20. Ba3 Rd8 21.
Qe4 Nce7 22. Rad1 g6 23. Qd3 Kg7 24. Qg3 1/2-1/2

[Event "4NCL Division Three West"]
[Site "Daventry, ENG"]
[Date "2023.03.18"]
[Round "7.43"]
[White "Jackson, Gary C"]
[Black "Pal, Rohan"]
[Result "0-1"]
[WhiteElo "1922"]
[BlackElo "2001"]
[PlyCount "84"]
[EventDate "2023.03.18"]
[WhiteTeam "Oxford 2"]
[BlackTeam "Warwickshire Select 2"]

1. e4 c5 2. Nf3 Nc6 3. d4 cxd4 4. Nxd4 Nf6 5. Nc3 e6 6. Be3 Bb4 7. f3 d5 8.
Nxc6 bxc6 9. e5 Nd7 10. f4 Qa5 11. Bd2 Qb6 12. Na4 Qe3+ 13. Be2 Qxf4 14. c3
Qh4+ 15. g3 Qe4 16. O-O Be7 17. Bf4 Nb6 18. b4 Nxa4 19. Bd3 Nxc3 20. Qd2 Qxb4
21. a3 Qb6+ 22. Kg2 Ne4 23. Qc2 O-O 24. Rfc1 Ba6 25. Bxe4 dxe4 26. Qxe4 Qb2+
27. Kh3 Rac8 28. Rab1 Qxa3 29. Ra1 Qd3 30. Qa4 Qf5+ 31. Kg2 Bd3 32. Qxa7 Be4+
33. Kg1 Qh3 34. Qf2 Ra8 35. Be3 Qf5 36. Qe2 Qf3 37. Qxf3 Bxf3 38. Kf2 Bd5 39.
h3 h6 40. h4 Rfb8 41. Rxa8 Rxa8 42. Rc2 Ra2 0-1

[Event "4NCL Division Three West"]
[Site "Daventry, ENG"]
[Date "2023.03.18"]
[Round "7.44"]
[White "Dicen, Elis Denele"]
[Black "Murawski, Jan"]
[Result "1/2-1/2"]
[WhiteElo "1998"]
[BlackElo "1956"]
[PlyCount "60"]
[EventDate "2023.03.18"]
[WhiteTeam "Warwickshire Select 2"]
[BlackTeam "Oxford 2"]

1. d4 Nf6 2. c4 e6 3. Nc3 d5 4. cxd5 exd5 5. Bg5 Be7 6. e3 c6 7. Qc2 Ne4 8. Bf4
Bd6 9. Bxd6 Nxd6 10. Bd3 Qg5 11. f4 Qe7 12. Qd2 Bf5 13. Bxf5 Nxf5 14. O-O-O Nd6
15. Nf3 Nd7 16. Rhe1 Nf6 17. Ne5 Nfe4 18. Nxe4 Nxe4 19. Qc2 f6 20. Nd3 O-O 21.
g4 a5 22. Kb1 Rfc8 23. Rc1 b6 24. f5 c5 25. dxc5 bxc5 26. Nf4 Qe5 27. Rcd1 Rab8
28. Ka1 Rd8 29. Nd3 Qe7 30. Nf4 Qe5 1/2-1/2

[Event "4NCL Division Three West"]
[Site "Daventry, ENG"]
[Date "2023.03.18"]
[Round "7.45"]
[White "Blinov, Roman"]
[Black "Green, Anthony J"]
[Result "1-0"]
[WhiteElo "1945"]
[BlackElo "1961"]
[PlyCount "77"]
[EventDate "2023.03.18"]
[WhiteTeam "Oxford 2"]
[BlackTeam "Warwickshire Select 2"]

1. d4 d5 2. Bf4 Nf6 3. e3 e6 4. Nd2 Bd6 5. Bg3 O-O 6. Bd3 c5 7. c3 Qc7 8. Ngf3
Nbd7 9. Bxd6 Qxd6 10. O-O e5 11. Nxe5 Nxe5 12. dxe5 Qxe5 13. Be2 Be6 14. Qa4
Rfd8 15. Rfd1 Qc7 16. Rac1 b6 17. Bf3 Rab8 18. b4 Qe7 19. Nb3 Rbc8 20. h3 Ne4
21. Bxe4 dxe4 22. bxc5 Bxb3 23. axb3 bxc5 24. Ra1 Rd3 25. Rxd3 exd3 26. Qxa7
Qd6 27. Qa6 Qd7 28. Rd1 Rd8 29. Rd2 g6 30. Qc4 Qd6 31. f3 Ra8 32. Qxd3 Ra1+ 33.
Kf2 Qh2 34. f4 h5 35. Qb5 Qg1+ 36. Kf3 Rf1+ 37. Ke4 f5+ 38. Kd3 Rd1 39. Qd7 1-0

[Event "4NCL Division Three West"]
[Site "Daventry, ENG"]
[Date "2023.03.18"]
[Round "7.46"]
[White "Cundy, Mark A"]
[Black "Hariharan, Shambavi"]
[Result "1/2-1/2"]
[WhiteElo "1878"]
[BlackElo "1760"]
[PlyCount "48"]
[EventDate "2023.03.18"]
[WhiteTeam "Warwickshire Select 2"]
[BlackTeam "Oxford 2"]

1. e4 c6 2. d4 d5 3. exd5 cxd5 4. c4 Nf6 5. Nc3 e6 6. Nf3 Bb4 7. a3 Bxc3+ 8.
bxc3 Nc6 9. cxd5 exd5 10. Bd3 O-O 11. O-O Bg4 12. Bc2 Bh5 13. Bg5 Bg6 14. Ba4
Qd6 15. Re1 Ne4 16. Bd2 a6 17. Ne5 Nxd2 18. Qxd2 b5 19. Nxg6 hxg6 20. Bc2 Na5
21. a4 Nc4 22. Qd3 Nb2 23. Qd2 Nc4 24. Qd3 Nb2 1/2-1/2

[Event "4NCL Division Three West"]
[Site "Daventry, ENG"]
[Date "2023.03.18"]
[Round "7.51"]
[White "Valentine, Brian J"]
[Black "Grillage, Andrew"]
[Result "0-1"]
[WhiteElo "1917"]
[BlackElo "1958"]
[PlyCount "43"]
[EventDate "2023.03.18"]
[WhiteTeam "MK Phoenix 2"]
[BlackTeam "Shropshire & Friends"]

1. e4 d5 2. exd5 Qxd5 3. d4 e5 4. Nc3 Bb4 5. Be3 Nc6 6. a3 Bxc3+ 7. bxc3 Nf6 8.
Rb1 Ng4 9. Nf3 Nxe3 10. fxe3 exd4 11. cxd4 O-O 12. Kf2 b6 13. Bd3 h6 14. Re1
Bb7 15. e4 Qd6 16. e5 Qxa3 17. Qe2 Qe7 18. Be4 Na5 19. c3 Bxe4 20. Qxe4 c6 21.
Rb4 Rad8 22. Nh4 0-1

[Event "4NCL Division Three West"]
[Site "Daventry, ENG"]
[Date "2023.03.18"]
[Round "7.52"]
[White "Higgie, Charles L"]
[Black "Whiteside, Robert"]
[Result "1/2-1/2"]
[WhiteElo "1915"]
[BlackElo "1813"]
[PlyCount "88"]
[EventDate "2023.03.18"]
[WhiteTeam "Shropshire & Friends"]
[BlackTeam "MK Phoenix 2"]

1. d4 Nf6 2. c4 e5 3. dxe5 Ng4 4. e4 Nxe5 5. f4 Ng6 6. Be3 Bb4+ 7. Nd2 Qe7 8.
Bd3 Qd6 9. Qb3 Bxd2+ 10. Bxd2 Nxf4 11. Bf1 Qe5 12. Qf3 Ne6 13. Bc3 Qg5 14. Nh3
Qh6 15. Bd2 Qg6 16. Bd3 Nd4 17. Qe3 Nbc6 18. Bc3 Ne6 19. e5 Qg4 20. O-O b6 21.
Rf3 Bb7 22. Raf1 O-O-O 23. Rg3 Qh5 24. Be2 Qh4 25. Rxf7 Rhf8 26. Rg4 Qxg4 27.
Bxg4 Rxf7 28. Bxe6 dxe6 29. Nf2 Rdf8 30. Be1 Rf5 31. Kf1 Rxe5 32. Qh3 h6 33. g4
Rg5 34. Bd2 Rg6 35. Bc3 e5 36. Ke1 Nd4 37. Nd3 Rf3 38. Qh5 Re6 39. Kd2 g5 40.
Nxe5 Rxe5 41. Bxd4 Re6 42. Bg7 Bc6 43. Bxh6 Rd6+ 44. Ke2 Re6+ 1/2-1/2